Sports Quiz

Random Sports or NBA Quiz

NBA Top 10 Scorers per Season (1970s) Quiz Stats

 Plays Quiz Updated Sep 16, 2015

Challenge
Share
Tweet
Embed
Score 0/100 Timer 10:00
11 Plays Today
Year Player % Correct
1969-70Kareem Abdul-Jabbar
95.3%
1970-71Kareem Abdul-Jabbar
95.3%
1971-72Kareem Abdul-Jabbar
95.3%
1972-73Kareem Abdul-Jabbar
95.3%
1973-74Kareem Abdul-Jabbar
95.3%
1974-75Kareem Abdul-Jabbar
95.3%
1975-76Kareem Abdul-Jabbar
95.3%
1976-77Kareem Abdul-Jabbar
95.3%
1977-78Kareem Abdul-Jabbar
95.3%
1978-79Kareem Abdul-Jabbar
95.3%
1969-70Jerry West
86%
1971-72Jerry West
86%
1978-79Marques Johnson
77.2%
1969-70John Havlicek
74.1%
1970-71John Havlicek
74.1%
1971-72John Havlicek
74.1%
1973-74John Havlicek
74.1%
1976-77George Gervin
73.3%
1977-78George Gervin
73.3%
1978-79George Gervin
73.3%
1970-71Pete Maravich
69.5%
1972-73Pete Maravich
69.5%
1973-74Pete Maravich
69.5%
1975-76Pete Maravich
69.5%
1976-77Pete Maravich
69.5%
1977-78Pete Maravich
69.5%
1978-79Moses Malone
68.9%
1973-74Rick Barry
66.6%
1974-75Rick Barry
66.6%
1969-70Elvin Hayes
64.8%
1970-71Elvin Hayes
64.8%
1971-72Elvin Hayes
64.8%
1974-75Elvin Hayes
64.8%
1976-77Elvin Hayes
64.8%
Year Player % Correct
1973-74Bob McAdoo
62.9%
1974-75Bob McAdoo
62.9%
1975-76Bob McAdoo
62.9%
1976-77Bob McAdoo
62.9%
1977-78Bob McAdoo
62.9%
1978-79Bob McAdoo
62.9%
1971-72Nate Archibald
59.1%
1972-73Nate Archibald
59.1%
1974-75Nate Archibald
59.1%
1975-76Nate Archibald
59.1%
1976-77David Thompson
56.9%
1977-78David Thompson
56.9%
1978-79David Thompson
56.9%
1969-70Earl Monroe
53.4%
1975-76Randy Smith
53.3%
1977-78Randy Smith
53.3%
1971-72Gail Goodrich
49.3%
1972-73Gail Goodrich
49.3%
1973-74Gail Goodrich
49.3%
1974-75Gail Goodrich
49.3%
1971-72Bob Lanier
46.5%
1972-73Bob Lanier
46.5%
1973-74Bob Lanier
46.5%
1974-75Bob Lanier
46.5%
1975-76Bob Lanier
46.5%
1976-77Bob Lanier
46.5%
1977-78Bob Lanier
46.5%
1969-70Dave Bing
46%
1970-71Dave Bing
46%
1978-79World B. Free
43.1%
1978-79Artis Gilmore
39.1%
1977-78Walter Davis
35%
1978-79Walter Davis
35%
1976-77Dan Issel
34.9%
Year Player % Correct
1970-71Bob Love
34.7%
1971-72Bob Love
34.7%
1974-75Bob Love
34.7%
1969-70Billy Cunningham
34.3%
1970-71Billy Cunningham
34.3%
1977-78Calvin Murphy
32.9%
1975-76Fred Brown
31.2%
1977-78Paul Westphal
29.5%
1978-79Paul Westphal
29.5%
1975-76Bob Dandridge
28.2%
1971-72Spencer Haywood
27.9%
1972-73Spencer Haywood
27.9%
1973-74Spencer Haywood
27.9%
1974-75Spencer Haywood
27.9%
1969-70Lou Hudson
26.6%
1970-71Lou Hudson
26.6%
1972-73Lou Hudson
26.6%
1969-70Connie Hawkins
25.4%
1975-76George McGinnis
23.6%
1973-74Rudy Tomjanovich
22.7%
1972-73Charlie Scott
16.6%
1974-75Charlie Scott
16.6%
1972-73Sidney Wicks
16.5%
1970-71Geoff Petrie
16.5%
1972-73Geoff Petrie
16.5%
1973-74Geoff Petrie
16.5%
1970-71Tom Van Arsdale
15.4%
1975-76John Drew
13.2%
1976-77John Drew
13.2%
1976-77Billy Knight
13.2%
1971-72Archie Clark
10%
1969-70Bob Rule
7.3%

You're not logged in!

Compare scores with friends on all Sporcle quizzes.
Join for Free
OR
Log In

You Might Also Like...

Show Comments

Extras

Top Quizzes Today


Score Distribution

Your Account Isn't Verified!

In order to create a playlist on Sporcle, you need to verify the email address you used during registration. Go to your Sporcle Settings to finish the process.

Report this User

Report this user for behavior that violates our Community Guidelines.

Details: